Sant Adrià de Besòs 1900-1939 /
ISBN:
9788409187065
Publicado:
Sant Adrià de Besòs :
2020
Descripción Física:
3 volums (316, 251, 333 pàgines) : il·lustracions, mapes, gràfics ; 28 cm
Materias:
1900-1930
; Urbanisme
; Treballadors
; Lluita de classes
; República Espanyola II, 1931-1939
; Guerra Civil Espanyola, 1936-1939
; Migració (Població)
; Condicions econòmiques
; Política
; Govern
; Història
; Urbanisme -- Catalunya -- Sant Adrià de Besòs -- Història.
; Classe treballadora -- Catalunya -- Sant Adrià de Besòs -- Història.
; Lluita de classes -- Catalunya -- Sant Adrià de Besòs -- Història.
; Sant Adrià de Besòs (Catalunya)
; Espanya
; Sant Adrià de Besòs (Catalunya) -- Història -- S. XX.
; Sant Adrià de Besòs (Catalunya) -- Política i govern -- S. XX.
Idioma:
Catalán
MARC
| LEADER | 00000aam a2200000 i 4500 | ||
|---|---|---|---|
| 001 | 24975, 24976, 24977 | ||
| 005 | 20260324180721.0 | ||
| 008 | 201102e202003 spcabd |||| |o0|0 0 cat|c | ||
| 015 | |a LL2020 |2 bnc | ||
| 017 | |a DL B 3264-2020 |b Biblioteca de Catalunya | ||
| 020 | |a 9788409187065 | ||
| 020 | |a 9788409187072 | ||
| 020 | |a 9788409187089 | ||
| 020 | |a 9788409187096 | ||
| 035 | |a (ES-BaCBU)b74615300-34csuc_network | ||
| 035 | |a (ES-BaCBU).b74615300 | ||
| 035 | |a (ccuc001)b74615300 | ||
| 040 | |a ES-BaUAB |b cat |e rda |c ES-BaUAB |d ES-BaBC | ||
| 043 | |a e-sp--- |b e-spcba |2 catmarc | ||
| 080 | |a 711.4 |x (460.23 Ba Sant Adrià del Besòs) |x "1900/1939" |2 2004 | ||
| 080 | |a 316.343.2 |x -058.14 |x (460.23 Ba Sant Adrià del Besòs) |x "1900/1939" |2 2004 | ||
| 080 | |a 323.4 |x (460.23 Ba Sant Adrià del Besòs) |x "1900/1939" |2 2004 | ||
| 080 | |a 94 |x (460.23 Ba Sant Adrià del Besòs) |x "1900/1939" |2 2004 | ||
| 080 | |a 32 |x (460.23 Ba Sant Adrià del Besòs) |x "1900/1939" |2 2004 | ||
| 090 | |a DPC309.9.S26 |b M37 2020 | ||
| 100 | 1 | |a Márquez i Berrocal, Manuel, |e autor | |
| 245 | 1 | 0 | |a Sant Adrià de Besòs 1900-1939 / |c Manuel Márquez Berrocal |
| 250 | |a Primera edició | ||
| 264 | 1 | |a Sant Adrià de Besòs : |c Ajuntament de Sant Adrià de Besòs, |c març de 2020 | |
| 300 | |a 3 volums (316, 251, 333 pàgines) : |b il·lustracions, mapes, gràfics ; |c 28 cm | ||
| 336 | |a text |b txt |2 rdacontent | ||
| 337 | |a sense mediació |b n |2 rdamedia | ||
| 338 | |a volum |b nc |2 rdacarrier | ||
| 504 | |a Inclou referències bibliogràfiques | ||
| 505 | 8 | |a Conté: 1. La construcció de la ciutat: del món rural a l'urbà -- 2. La formació de la classe obrera: indústria i immigració -- 3. La lluita per la llibertat: política, societat i cultura | |
| 648 | 7 | |a 1900-1930 |2 thub | |
| 650 | 7 | |a Urbanisme |2 thub |9 30914 | |
| 650 | 7 | |a Treballadors |2 thub | |
| 650 | 7 | |a Lluita de classes |2 thub | |
| 650 | 7 | |a República Espanyola II, 1931-1939 |2 thub | |
| 650 | 7 | |a Guerra Civil Espanyola, 1936-1939 |2 thub | |
| 650 | 7 | |a Migració (Població) |2 thub | |
| 650 | 7 | |a Condicions econòmiques |2 thub | |
| 650 | 7 | |a Política |2 thub |9 23804 | |
| 650 | 7 | |a Govern |2 thub | |
| 650 | 7 | |a Història |2 thub |9 34449 | |
| 650 | 7 | |a Urbanisme |z Catalunya |z Sant Adrià de Besòs |x Història. |2 lemac | |
| 650 | 7 | |a Classe treballadora |z Catalunya |z Sant Adrià de Besòs |x Història. |2 lemac | |
| 650 | 7 | |a Lluita de classes |z Catalunya |z Sant Adrià de Besòs |x Història. |2 lemac | |
| 651 | 7 | |a Sant Adrià de Besòs (Catalunya) |2 thub |9 50680 | |
| 651 | 7 | |a Espanya |2 thub |9 51008 | |
| 651 | 7 | |a Sant Adrià de Besòs (Catalunya) |x Història |y S. XX. |2 lemac | |
| 651 | 7 | |a Sant Adrià de Besòs (Catalunya) |x Política i govern |y S. XX. |2 lemac | |
| 710 | 1 | |a Sant Adrià de Besòs (Catalunya). |b Ajuntament. |9 52683 | |
| 907 | |a .b74615300 |b 21-06-21 |c 02-11-20 |d 23-11-20 |e m |f a |g - |h cat |i spc |j 0 |k 1 | ||
| 908 | |a BAB |a AHCB |a UB |a BC |a UAB |a UPF |a GEPA | ||
| 940 | |a BC | ||
| 942 | |c ARXIU |n 1 |2 udc | ||
| 952 | |0 0 |1 0 |2 udc |4 0 |7 1 |9 60794 |a Arxiu |b Arxiu |d 2021-11-15 |o Bib-312 |p 24975, 24976, 24977 |r 2021-11-15 00:00:00 |w 2021-11-15 |y ARXIU | ||
| 999 | |c 80926 |d 80926 | ||